The Mulberry Bush (Record no. 324919)
[ view plain ]
| 000 -LEADER | |
|---|---|
| fixed length control field | 00319 a2200133 4500 |
| 001 - CONTROL NUMBER | |
| control field | 89846 |
| 003 - CONTROL NUMBER IDENTIFIER | |
| control field | NUST |
| 082 ## - DEWEY DECIMAL CLASSIFICATION NUMBER | |
| Classification number | 808.0681 SMI |
| 100 ## - MAIN ENTRY--PERSONAL NAME | |
| Personal name | Smith Jan |
| 9 (RLIN) | 9859 |
| 245 ## - TITLE STATEMENT | |
| Title | The Mulberry Bush |
| Remainder of title | Here we go round |
| 260 ## - PUBLICATION, DISTRIBUTION, ETC. | |
| Place of publication, distribution, etc. | London |
| Name of publisher, distributor, etc. | Studio Mouse |
| Date of publication, distribution, etc. | 2002 |
| 300 ## - PHYSICAL DESCRIPTION | |
| Extent | 19p. |
| 500 ## - GENERAL NOTE | |
| General note | General Books |
| 942 ## - ADDED ENTRY ELEMENTS (KOHA) | |
| Institution code [OBSOLETE] | CAE NUST |
| Koha item type | Book |
| Call number prefix | 808.0681 SMI |
| Source of classification or shelving scheme | |
| Withdrawn status | Lost status | Damaged status | Not for loan | Collection code | Permanent Location | Current Location | Date acquired | Total Checkouts | Full call number | Barcode | Date last seen | Price effective from | Koha item type |
|---|---|---|---|---|---|---|---|---|---|---|---|---|---|
| College of Aeronautical Engineering (CAE) | College of Aeronautical Engineering (CAE) | 04/03/2017 | 808.0681 SMI | CAE86771 | 04/05/2017 | 04/05/2017 | Book |
